000 00495nam a2200169Ia 4500
999 _c28773
_d28773
003 OSt
005 20201127093429.0
008 190216s9999||||xx |||||||||||||| ||und||
040 _coclc
082 _a894.8123
_bCHE/B
100 _aCheriyanad, Sivaraman
_96945
245 0 _aBagavathi Theruvile Kattu /
_cSivaraman Cheriyanad
260 _bHaritham Books,
_aKozhikode:
_c2005.
300 _a97p
650 _aNovel
942 _cBK
_2ddc
_h894.8123
_iCHE/B
_k894.8123
_mCHE/B